000
00319nam a2200133Ia 4500
005
20251222143249.0
008
251222s9999||||xx |||||||||||||| ||spa||
020
_a
970-613-618-5
082
_a
658.403.5/S29
100
_a
Schrage, Michael
245
0
_a
Juego Serio:
264
_b
Oxford University Press
942
_c
LIB
999
_c
14882
_d
14882